LEADER 01267nas 2200445 c 450 001 9910896579203321 005 20260218112937.0 035 $a(CKB)1000000000527429 035 $a(DE-599)ZDB2298923-7 035 $a(OCoLC)162466292 035 $a(OCoLC)642977700 035 $a(DE-101)984081933 035 $a(DE-599)2298923-7 035 $a(EXLCZ)991000000000527429 100 $a20070507b19401940 |y | 101 0 $ager 135 $aur||||||||||| 181 $ctxt$2rdacontent 182 $cc$2rdamedia 183 $acr$2rdacarrier 200 00$a˜Dieœ Tribuene 210 31$aShanghai$cCenturion Printing$d1940-1940 215 $aOnline-Ressource 300 $aGesehen am 14.09.2018 606 $aDeutsche$3(DE-588)4070334-4$3https://d-nb.info/gnd/4070334-4$3(DE-101)040703347$2gnd 606 $aExil$3(DE-588)4015959-0$3https://d-nb.info/gnd/4015959-0$3(DE-101)040159590$2gnd 607 $aSchanghai$2gnd 608 $aZeitung$2gnd-content 608 $aQuelle$2gnd-content 615 7$aDeutsche. 615 7$aExil. 676 $a900 686 $a16.5$qDE-101$2sswd 801 0$b0019 801 1$bDE-101 801 2$b9999 906 $aJOURNAL 912 $a9910896579203321 996 $aTribuene$94216959 997 $aUNINA